Statistiche per Anagrammi dei Calciatori - Quiz n°27

Clicka qui per fare il quiz!

Statistiche generali

  • Questo quiz è stato fatto 2 volte
  • Il punteggio medio è 4 su 10

Statistiche sulle risposte

AnagrammaCalciatore% Corretto
albilyBailly
100%
kaooaykbBakayoko
100%
ainonmimMinamino
50%
itpatloevPavoletti
50%
sporaanaSaponara
50%
dluepaDe Paul
0%
tifhetcacFacchetti
0%
iamandrMiranda
0%
abnogiObiang
0%
oailirOriali
0%

Distribuzione punteggi

Percentile per numero di risposta

Percentuale di utenti per punteggio

I tuoi punteggi nel tempo

Non hai fatto questo quiz